000 00502nam a2200145Ia 4500
008 100204s9999 xx 000 0 und d
082 _b2907
100 _aभागवत अ. ल.
245 _aमायेपासून दूर ... दूर
260 _b"अंजली प्रकाशन, पुणे"
_c1980
300 _a102
630 _aमायेपासून दूर ... दूर
730 _aमायेपासून दूर ... दूर
942 _cBOOK
999 _c447900
_d447897